00350nam a2200121Ia 4500008004100000245009200041260001800133260000900151300000800160500000900168650001300177856003800190170516s9999 xx 000 0 und d aBreakdown of the Blood-Ocular Barrier as a Strategy for the Systemic Use of Nanosystems bPharmaceutics c2012 a4:2 aJune xPharmacy uhttp://www.mdpi.com/1999-4923/4/2